[Event "14. Obert Int. Sant Marti 2012 - B"]
[Site "Barcelona ESP"]
[Date "2012.07.19"]
[Round "7.3"]
[White "Lozano Diaz, Antoni"]
[Black "Perez Garcia, Jose Miguel"]
[Result "0-1"]
[WhiteElo "1893"]
[BlackElo "1967"]
[PlyCount "52"]
[EventDate "2012.07.13"]
[EventType "swiss"]
[EventRounds "9"]
[EventCountry "ESP"]
[SourceTitle "Ajedrez en Madrid"]
[Source "lmi"]
[SourceDate "2012.07.13"]
[SourceVersion "1"]
[SourceVersionDate "2019.06.21"]
[SourceQuality "1"]

1. e4 c5 2. Nf3 e6 3. d4 cxd4 4. Nxd4 a6 5. Nc3 Qc7 6. Be2 b5 7. a3 Bb7 8. f4
Bc5 9. Be3 d6 10. Qd2 Nf6 11. Bf3 Nbd7 12. Nb3 Bxe3 13. Qxe3 Nb6 14. Nd2 O-O
15. e5 Nfd5 16. Nxd5 Nxd5 17. Bxd5 Bxd5 18. exd6 Qxc2 19. O-O Rad8 20. f5 exf5
21. Rfc1 Qxb2 22. Qf4 Qf6 23. Nf1 Rxd6 24. Rd1 Rdd8 25. Ng3 Be6 26. Re1 Qd4+
0-1

[Event "14. Obert Int. Sant Marti 2012 - B"]
[Site "Barcelona ESP"]
[Date "2012.07.19"]
[Round "7.4"]
[White "Pariente Lopez, Eduard"]
[Black "Barragan Hernandez, Manel"]
[Result "1/2-1/2"]
[WhiteElo "1979"]
[BlackElo "1832"]
[PlyCount "23"]
[EventDate "2012.07.13"]
[EventType "swiss"]
[EventRounds "9"]
[EventCountry "ESP"]
[SourceTitle "Ajedrez en Madrid"]
[Source "lmi"]
[SourceDate "2012.07.13"]
[SourceVersion "1"]
[SourceVersionDate "2019.06.21"]
[SourceQuality "1"]

1. e4 e5 2. Nf3 Nc6 3. Bc4 Nf6 4. d4 exd4 5. O-O Nxe4 6. Re1 d5 7. Bxd5 Qxd5 8.
Nc3 Qa5 9. Nxe4 Be6 10. Neg5 O-O-O 11. Nxe6 fxe6 12. Rxe6 1/2-1/2

[Event "14. Obert Int. Sant Marti 2012 - B"]
[Site "Barcelona ESP"]
[Date "2012.07.19"]
[Round "7.5"]
[White "Olvera Anton, A.."]
[Black "Llopis Jordan, Lluis"]
[Result "1/2-1/2"]
[WhiteElo "1937"]
[BlackElo "1754"]
[PlyCount "53"]
[EventDate "2012.07.13"]
[EventType "swiss"]
[EventRounds "9"]
[EventCountry "ESP"]
[SourceTitle "Ajedrez en Madrid"]
[Source "lmi"]
[SourceDate "2012.07.13"]
[SourceVersion "1"]
[SourceVersionDate "2019.06.21"]
[SourceQuality "1"]

1. e4 c6 2. d4 d5 3. Nc3 dxe4 4. Nxe4 Bf5 5. Ng3 Bg6 6. h4 h6 7. Nf3 Nd7 8. h5
Bh7 9. Bd3 Bxd3 10. Qxd3 Qc7 11. Ne2 e6 12. Bf4 Bd6 13. Bxd6 Qxd6 14. O-O-O
Ngf6 15. Rh4 O-O-O 16. Qc3 Kb8 17. Qa5 Qd5 18. Qa3 Nxh5 19. Rd3 Nhf6 20. Rb3 g5
21. Rh1 Ne4 22. Nc3 Nxc3 23. bxc3 Nb6 24. Re1 Qd6 25. Qa5 Qd5 26. Qa3 Qd6 27.
Qa5 1/2-1/2

[Event "14. Obert Int. Sant Marti 2012 - B"]
[Site "Barcelona ESP"]
[Date "2012.07.19"]
[Round "7.6"]
[White "Corominas Garrido, Jordi"]
[Black "Castellanos Rodriguez, Roberto"]
[Result "1-0"]
[WhiteElo "1933"]
[BlackElo "1869"]
[PlyCount "139"]
[EventDate "2012.07.13"]
[EventType "swiss"]
[EventRounds "9"]
[EventCountry "ESP"]
[SourceTitle "Ajedrez en Madrid"]
[Source "lmi"]
[SourceDate "2012.07.13"]
[SourceVersion "1"]
[SourceVersionDate "2019.06.21"]
[SourceQuality "1"]

1. c4 c6 2. d4 g6 3. e4 Bg7 4. Nf3 d6 5. Nc3 a6 6. a4 Bg4 7. Be2 Qb6 8. a5 Qc7
9. Be3 Nd7 10. O-O Ngf6 11. Qd2 h5 12. h3 Bxf3 13. Bxf3 O-O 14. b4 e5 15. d5 b6
16. Rfc1 c5 17. axb6 Nxb6 18. Na4 Nxa4 19. Rxa4 Nd7 20. Qa2 cxb4 21. Rxb4 Nc5
22. Bxc5 Qxc5 23. Ra4 Bh6 24. Rc2 a5 25. Qa3 Qxa3 26. Rxa3 Rfc8 27. Be2 Rc5 28.
Bd3 Kf8 29. Kf1 Ke7 30. Ke2 Kd7 31. Kd1 Rb8 32. Rca2 Ra8 33. Rb3 Kc7 34. Rb5
Ra7 35. Rxc5+ dxc5 36. Bc2 h4 37. Ba4 f6 38. Be8 g5 39. Ra3 Bf8 40. Rb3 Rb7 41.
Bb5 Bd6 42. Ke2 Kd8 43. Kf3 Ke7 44. Kg4 Rb8 45. Kf5 Bc7 46. Rf3 Rf8 47. Kg6 Bd8
48. Kg7 Rf7+ 49. Kg6 Rf8 50. Rb3 Bc7 51. Ba4 Rb8 52. Rxb8 Bxb8 53. Kg7 Bc7 54.
g3 hxg3 55. fxg3 Bd8 56. h4 Kd6 57. h5 f5 58. h6 f4 59. gxf4 exf4 60. h7 Ke5
61. Kg6 Bf6 62. d6 f3 63. Bd1 g4 64. d7 Bh8 65. d8=Q Kxe4 66. Qf8 Bd4 67. Qf5+
Ke3 68. Qxg4 f2 69. Qe2+ Kf4 70. Qf3+ 1-0

[Event "14. Obert Int. Sant Marti 2012 - B"]
[Site "Barcelona ESP"]
[Date "2012.07.19"]
[Round "7.7"]
[White "Vargas Ramirez, Ana Maria"]
[Black "Garcia Lopez, Nicolas"]
[Result "0-1"]
[WhiteElo "1831"]
[BlackElo "1924"]
[PlyCount "50"]
[EventDate "2012.07.13"]
[EventType "swiss"]
[EventRounds "9"]
[EventCountry "ESP"]
[SourceTitle "Ajedrez en Madrid"]
[Source "lmi"]
[SourceDate "2012.07.13"]
[SourceVersion "1"]
[SourceVersionDate "2019.06.21"]
[SourceQuality "1"]

1. e4 Nf6 2. Nc3 e5 3. Nf3 Bb4 4. Bc4 Bxc3 5. dxc3 d6 6. O-O O-O 7. Qe1 Nbd7 8.
h3 Nc5 9. Bd3 h6 10. Bd2 Nh5 11. Kh2 Ne6 12. Ng1 Qd7 13. Qd1 Nhf4 14. g3 Ng6
15. Qh5 Nc5 16. Bc4 Nxe4 17. Bxh6 d5 18. Rad1 Nf6 19. Qg5 Qe6 20. Bxg7 Kxg7 21.
f4 exf4 22. gxf4 dxc4 23. Rde1 Qf5 24. Qg2 Rh8 25. Re5 Ng4+ 0-1

[Event "14. Obert Int. Sant Marti 2012 - B"]
[Site "Barcelona ESP"]
[Date "2012.07.19"]
[Round "7.8"]
[White "Casset Bello, Elena"]
[Black "Serra Vilaro, Agustin"]
[Result "1-0"]
[WhiteElo "1920"]
[BlackElo "1867"]
[PlyCount "81"]
[EventDate "2012.07.13"]
[EventType "swiss"]
[EventRounds "9"]
[EventCountry "ESP"]
[SourceTitle "Ajedrez en Madrid"]
[Source "lmi"]
[SourceDate "2012.07.13"]
[SourceVersion "1"]
[SourceVersionDate "2019.06.21"]
[SourceQuality "1"]

1. d4 e6 2. c4 f5 3. Nf3 Nf6 4. g3 c6 5. Bg2 d5 6. O-O Nbd7 7. Qc2 Ne4 8. Bf4
Be7 9. Nbd2 g5 10. Be5 O-O 11. Rac1 g4 12. Ne1 Nxe5 13. dxe5 Bd7 14. Nd3 Bg5
15. e3 Qe7 16. Nf4 Rad8 17. Rfd1 Be8 18. Nb3 h5 19. Nd4 Bxf4 20. exf4 h4 21.
cxd5 cxd5 22. Qe2 a6 23. f3 gxf3 24. Qxf3 Rd7 25. g4 fxg4 26. Qxg4+ Kh7 27.
Nxe6 Rg8 28. Bxe4+ dxe4 29. Ng5+ Kg7 30. Nxe4+ Kf8 31. Ng5 Rxd1+ 32. Qxd1 Bc6
33. Rc3 Rxg5+ 34. fxg5 Qxg5+ 35. Kf2 Qg2+ 36. Ke1 Qh1+ 37. Kd2 Qxh2+ 38. Kc1
Qxe5 39. Qd8+ Kf7 40. Qxh4 Qe4 41. Qf2+ 1-0

[Event "14. Obert Int. Sant Marti 2012 - B"]
[Site "Barcelona ESP"]
[Date "2012.07.19"]
[Round "7.9"]
[White "Centelles Vivas, Aleix"]
[Black "Castillo Escario, Yolanda"]
[Result "1-0"]
[WhiteElo "1680"]
[BlackElo "1897"]
[PlyCount "104"]
[EventDate "2012.07.13"]
[EventType "swiss"]
[EventRounds "9"]
[EventCountry "ESP"]
[SourceTitle "Ajedrez en Madrid"]
[Source "lmi"]
[SourceDate "2012.07.13"]
[SourceVersion "1"]
[SourceVersionDate "2019.06.21"]
[SourceQuality "1"]

1. d4 d5 2. c4 c6 3. Nc3 Nf6 4. Bg5 dxc4 5. a4 h6 6. Bxf6 exf6 7. e4 f5 8. Bxc4
fxe4 9. Nxe4 Bb4+ 10. Nc3 O-O 11. Nge2 Nd7 12. O-O Nb6 13. Bb3 Bf5 14. Ng3 Bg6
15. Qg4 Kh8 16. Rad1 Qd7 17. Qh4 Be7 18. Qf4 Nd5 19. Nxd5 cxd5 20. Rfe1 Bf6 21.
Ne2 Bf5 22. Qg3 Be7 23. Nc3 Bb4 24. Re3 Be6 25. Nb5 a6 26. Nc3 Bd6 27. f4 g5
28. Ne2 Bg4 29. Rf1 Rae8 30. Rxe8 Rxe8 31. Nc3 Bxf4 32. Rxf4 gxf4 33. Qxf4 Qf5
34. Qxh6+ Kg8 35. Qd2 Qe6 36. Bxd5 Qe1+ 37. Qxe1 Rxe1+ 38. Kf2 Re7 39. Bc4 Rc7
40. b3 Kg7 41. h3 Be6 42. d5 Bf5 43. g4 Bc2 44. Ne2 Rc5 45. Ke3 b5 46. axb5
axb5 47. Kd4 Rc8 48. Bxb5 Bxb3 49. Bc6 Kf6 50. Kc5 Ke5 51. Nc3 Rh8 52. d6 Be6
1-0

[Event "14. Obert Int. Sant Marti 2012 - B"]
[Site "Barcelona ESP"]
[Date "2012.07.19"]
[Round "7.11"]
[White "Liarte Genoves, Sergi"]
[Black "Vidal Rius, Enric"]
[Result "0-1"]
[WhiteElo "1799"]
[BlackElo "1955"]
[PlyCount "54"]
[EventDate "2012.07.13"]
[EventType "swiss"]
[EventRounds "9"]
[EventCountry "ESP"]
[SourceTitle "Ajedrez en Madrid"]
[Source "lmi"]
[SourceDate "2012.07.13"]
[SourceVersion "1"]
[SourceVersionDate "2019.06.21"]
[SourceQuality "1"]

1. e4 d6 2. Nc3 a6 3. a4 g6 4. d4 Bg7 5. Be3 Nf6 6. Qd2 Ng4 7. Bg5 h6 8. Bh4
O-O 9. f3 Nf6 10. e5 dxe5 11. dxe5 Qxd2+ 12. Kxd2 Rd8+ 13. Bd3 Nd5 14. Nxd5
Rxd5 15. Bxe7 Bxe5 16. Ne2 Bf5 17. Nc3 Bxc3+ 18. bxc3 Nc6 19. Rhe1 Ne5 20. c4
Nxc4+ 21. Kc3 Bxd3 22. cxd3 Ne5 23. d4 Nd7 24. g4 Rc8 25. Kc4 Nb6+ 26. Kc3 Rd7
27. Bf6 Nd5+ 0-1

[Event "14. Obert Int. Sant Marti 2012 - B"]
[Site "Barcelona ESP"]
[Date "2012.07.20"]
[Round "8.1"]
[White "Dayan Sutton, Isaac"]
[Black "Perez Garcia, Jose Miguel"]
[Result "1/2-1/2"]
[WhiteElo "1891"]
[BlackElo "1967"]
[PlyCount "32"]
[EventDate "2012.07.13"]
[EventType "swiss"]
[EventRounds "9"]
[EventCountry "ESP"]
[SourceTitle "Ajedrez en Madrid"]
[Source "lmi"]
[SourceDate "2012.07.13"]
[SourceVersion "1"]
[SourceVersionDate "2019.06.21"]
[SourceQuality "1"]

1. e4 c5 2. Nf3 e6 3. d3 d5 4. Nbd2 Nc6 5. g3 Nf6 6. Bg2 Be7 7. O-O O-O 8. Re1
Qc7 9. Nf1 b5 10. h4 Bb7 11. N1h2 Rfd8 12. e5 Nd7 13. Bf4 Nd4 14. Ng5 h6 15.
Ngf3 Bf8 16. g4 f6 1/2-1/2

[Event "14. Obert Int. Sant Marti 2012 - B"]
[Site "Barcelona ESP"]
[Date "2012.07.20"]
[Round "8.2"]
[White "Castrillo Mansego, Pablo"]
[Black "Pariente Lopez, Eduard"]
[Result "0-1"]
[WhiteElo "1969"]
[BlackElo "1979"]
[PlyCount "156"]
[EventDate "2012.07.13"]
[EventType "swiss"]
[EventRounds "9"]
[EventCountry "ESP"]
[SourceTitle "Ajedrez en Madrid"]
[Source "lmi"]
[SourceDate "2012.07.13"]
[SourceVersion "1"]
[SourceVersionDate "2019.06.21"]
[SourceQuality "1"]

1. e4 e6 2. d4 d5 3. Nc3 dxe4 4. Nxe4 Bd7 5. Nf3 Bc6 6. Bd3 Nd7 7. O-O Ngf6 8.
Ng3 Bd6 9. Re1 Bxg3 10. hxg3 Bxf3 11. Qxf3 c6 12. b3 Qa5 13. Bb2 O-O-O 14. a4
h5 15. c3 h4 16. g4 Qg5 17. Be2 Qd5 18. Qe3 Qe4 19. Bf3 Qxe3 20. Rxe3 Nd5 21.
Bxd5 cxd5 22. a5 Rde8 23. Rae1 Nf6 24. f3 Kd7 25. Kf2 Rc8 26. Rh1 g6 27. Rh3
Ne8 28. Re1 Nd6 29. Ke2 Kc6 30. Reh1 Kb5 31. Ba3 Ne8 32. Bb4 Nc7 33. Kd3 Na6
34. Be7 Rc7 35. Bxh4 Rhc8 36. Be1 Kxa5 37. Bd2 b5 38. Ra1+ Kb6 39. Ra2 Nb8 40.
Rh1 a5 41. Ke3 Rxc3+ 42. Kf4 Rxb3 43. Bxa5+ Kb7 44. Rh7 Rf8 45. Be1 Nc6 46. Bf2
Rd3 47. Rb2 b4 48. Kg5 Ka6 49. Kf6 Kb5 50. Rxf7 Rxf7+ 51. Kxf7 Nxd4 52. Bxd4
Rxd4 53. Kxg6 Kc4 54. Kf6 Kc3 55. Rf2 b3 56. g5 Rd2 57. Rxd2 Kxd2 58. g6 b2 59.
g7 b1=Q 60. g8=Q Qf5+ 61. Ke7 d4 62. Qb8 d3 63. Qb2+ Ke1 64. Qc3+ d2 65. Qe3+
Kd1 66. g4 Qd5 67. g5 Kc2 68. Qf2 Qxg5+ 69. Kxe6 Qg6+ 70. Ke7 Qg5+ 71. Ke6 Kc1
72. f4 Qg6+ 73. Ke7 Qe4+ 74. Kf6 d1=Q 75. Qc5+ Qec2 76. Qxc2+ Kxc2 77. f5 Kd3
78. Ke7 Qe2+ 0-1

[Event "14. Obert Int. Sant Marti 2012 - B"]
[Site "Barcelona ESP"]
[Date "2012.07.20"]
[Round "8.3"]
[White "Barragan Hernandez, Manel"]
[Black "Olvera Anton, A.."]
[Result "1-0"]
[WhiteElo "1832"]
[BlackElo "1937"]
[PlyCount "89"]
[EventDate "2012.07.13"]
[EventType "swiss"]
[EventRounds "9"]
[EventCountry "ESP"]
[SourceTitle "Ajedrez en Madrid"]
[Source "lmi"]
[SourceDate "2012.07.13"]
[SourceVersion "1"]
[SourceVersionDate "2019.06.21"]
[SourceQuality "1"]

1. c4 c5 2. Nc3 Nf6 3. Nf3 Nc6 4. g3 g6 5. Bg2 Bg7 6. O-O O-O 7. d3 d5 8. cxd5
Nxd5 9. Nxd5 Qxd5 10. Ng5 Qd7 11. Rb1 h6 12. Ne4 b6 13. Bd2 Bb7 14. Bc3 e5 15.
Qa4 Qc7 16. e3 Rad8 17. Qc4 Kh7 18. b4 f5 19. Nd2 cxb4 20. Bxb4 Rf7 21. Rfc1
Rf6 22. d4 exd4 23. exd4 Qd7 24. Bc3 Rd6 25. d5 Ne5 26. Qe2 Re8 27. Re1 Bxd5
28. Bxd5 Rxd5 29. f4 Nf3+ 30. Qxf3 Rxe1+ 31. Rxe1 Rxd2 32. Bxd2 Qxd2 33. Re2
Qc1+ 34. Kg2 Qc4 35. Qe3 Qd5+ 36. Kh3 Qc4 37. Qe6 Qb5 38. Rc2 a5 39. Rc6 Qf1+
40. Kh4 g5+ 41. fxg5 hxg5+ 42. Kxg5 Qa6 43. Qg6+ Kg8 44. Qe6+ Kh7 45. Qxf5+ 1-0

[Event "14. Obert Int. Sant Marti 2012 - B"]
[Site "Barcelona ESP"]
[Date "2012.07.20"]
[Round "8.4"]
[White "Llopis Jordan, Lluis"]
[Black "Corominas Garrido, Jordi"]
[Result "0-1"]
[WhiteElo "1754"]
[BlackElo "1933"]
[PlyCount "74"]
[EventDate "2012.07.13"]
[EventType "swiss"]
[EventRounds "9"]
[EventCountry "ESP"]
[SourceTitle "Ajedrez en Madrid"]
[Source "lmi"]
[SourceDate "2012.07.13"]
[SourceVersion "1"]
[SourceVersionDate "2019.06.21"]
[SourceQuality "1"]

1. d4 e6 2. c4 f5 3. Nc3 Nf6 4. Bg5 c6 5. e3 d5 6. Nf3 Nbd7 7. Be2 Bd6 8. cxd5
cxd5 9. O-O O-O 10. Rc1 a6 11. Qb3 b5 12. a3 Rb8 13. Nd2 Qb6 14. Rc2 Bb7 15.
Rfc1 h6 16. Bh4 Kh7 17. Na2 e5 18. dxe5 Nxe5 19. Bg3 d4 20. Bxe5 Bxe5 21. Nf3
Bd5 22. Qb4 Bd6 23. Qxd4 Bxa2 24. Qd3 Ne4 25. Rc6 Qd8 26. b3 Rb6 27. Rxb6 Qxb6
28. Ra1 Nc5 29. Qc3 Bxb3 30. Nd4 Be6 31. Rd1 Ne4 32. Qb2 Be5 33. Qb4 Rf7 34.
Nf3 Bc3 35. Qb1 Qa5 36. Nd4 Bxd4 37. Rxd4 Nc3 0-1

[Event "14. Obert Int. Sant Marti 2012 - B"]
[Site "Barcelona ESP"]
[Date "2012.07.20"]
[Round "8.5"]
[White "Garcia Lopez, Nicolas"]
[Black "Gisbert Mir, Alejandro"]
[Result "1-0"]
[WhiteElo "1924"]
[BlackElo "1788"]
[PlyCount "81"]
[EventDate "2012.07.13"]
[EventType "swiss"]
[EventRounds "9"]
[EventCountry "ESP"]
[SourceTitle "Ajedrez en Madrid"]
[Source "lmi"]
[SourceDate "2012.07.13"]
[SourceVersion "1"]
[SourceVersionDate "2019.06.21"]
[SourceQuality "1"]

1. e4 c5 2. g3 d5 3. exd5 Qxd5 4. Nf3 Bg4 5. Bg2 Qe6+ 6. Kf1 Nc6 7. h3 Bh5 8.
d3 Qd7 9. Nbd2 Nf6 10. a4 e6 11. Nc4 Be7 12. a5 O-O 13. g4 Bg6 14. a6 Nd5 15.
Nfe5 Nxe5 16. Nxe5 Qc7 17. axb7 Rab8 18. Nxg6 hxg6 19. Rxa7 c4 20. dxc4 Qxc4+
21. Qe2 Qd4 22. Ra1 Rxb7 23. c4 Nc3 24. bxc3 Qxc3 25. Bxb7 Qxa1 26. Kg2 Qa7 27.
Be4 Rb8 28. Be3 Qa3 29. Rb1 Rxb1 30. Bxb1 Qa1 31. Qd3 Qe5 32. Qd4 Qb8 33. Be4
Bf6 34. Qc5 Be5 35. Qb6 Qc8 36. c5 Qc7 37. Bd2 Qd7 38. Ba5 Kh7 39. c6 Qd1 40.
c7 Bd4 41. Qb1 1-0

[Event "14. Obert Int. Sant Marti 2012 - B"]
[Site "Barcelona ESP"]
[Date "2012.07.20"]
[Round "8.6"]
[White "Centelles Vivas, Aleix"]
[Black "Casset Bello, Elena"]
[Result "0-1"]
[WhiteElo "1680"]
[BlackElo "1920"]
[PlyCount "116"]
[EventDate "2012.07.13"]
[EventType "swiss"]
[EventRounds "9"]
[EventCountry "ESP"]
[SourceTitle "Ajedrez en Madrid"]
[Source "lmi"]
[SourceDate "2012.07.13"]
[SourceVersion "1"]
[SourceVersionDate "2019.06.21"]
[SourceQuality "1"]

1. d4 d5 2. c4 e6 3. Nc3 Nf6 4. Bg5 Be7 5. e3 O-O 6. Bd3 h6 7. Bh4 b6 8. cxd5
Nxd5 9. Bxe7 Qxe7 10. Nge2 Bb7 11. O-O Nd7 12. a3 Nxc3 13. Nxc3 c5 14. Be4 Bxe4
15. Nxe4 cxd4 16. Qxd4 Rfd8 17. b4 Nc5 18. Qc4 Nxe4 19. Qxe4 Rac8 20. Rac1 Rxc1
21. Rxc1 Qd7 22. Qc2 Qd3 23. Qxd3 Rxd3 24. Ra1 g6 25. Kf1 Rd2 26. Ke1 Rc2 27.
Rd1 Rc3 28. Ra1 Rb3 29. Ra2 a5 30. bxa5 bxa5 31. Ke2 Kf8 32. Kf3 Ke7 33. Ke4
Kd6 34. Kd4 a4 35. g3 e5+ 36. Kc4 Ke6 37. e4 g5 38. Rc2 Rxa3 39. Kb4 Rd3 40.
Kxa4 Rd4+ 41. Kb3 Rxe4 42. Rc6+ Kf5 43. Rxh6 Re2 44. g4+ Kxg4 45. Rf6 Kh3 46.
Rxf7 Kxh2 47. Rf3 Kg2 48. Rg3+ Kxf2 49. Rxg5 e4 50. Kc3 e3 51. Rf5+ Ke1 52. Kd3
Rf2 53. Rb5 Rf3 54. Rb1+ Kf2 55. Rb2+ e2+ 56. Ke4 Re3+ 57. Kf4 Re8 58. Rc2 Kf1
0-1

[Event "14. Obert Int. Sant Marti 2012 - B"]
[Site "Barcelona ESP"]
[Date "2012.07.20"]
[Round "8.7"]
[White "Barba Rios, Enric"]
[Black "Vargas Drechsler, Carlos"]
[Result "1-0"]
[WhiteElo "1967"]
[BlackElo "1843"]
[PlyCount "63"]
[EventDate "2012.07.13"]
[EventType "swiss"]
[EventRounds "9"]
[EventCountry "ESP"]
[SourceTitle "Ajedrez en Madrid"]
[Source "lmi"]
[SourceDate "2012.07.13"]
[SourceVersion "1"]
[SourceVersionDate "2019.06.21"]
[SourceQuality "1"]

1. e4 e5 2. Nf3 Nc6 3. Bc4 Nf6 4. d3 d5 5. exd5 Nxd5 6. Qe2 Be7 7. Nxe5 Nd4 8.
Nxf7 Nxe2 9. Nxd8 Nxc1 10. Bxd5 Bxd8 11. Nc3 Bg5 12. g3 c6 13. Be4 O-O 14. f4
Nxd3+ 15. Bxd3 Re8+ 16. Kd2 Bh6 17. Rae1 Be6 18. Rxe6 Rxe6 19. Bc4 Rd8+ 20. Kc1
Rde8 21. Re1 Kf7 22. Rxe6 Rxe6 23. Ne4 Ke7 24. Bxe6 Kxe6 25. Kd2 Kf5 26. Nd6+
Ke6 27. Nxb7 g5 28. Nd8+ Ke7 29. Nxc6+ Kd6 30. Nd4 Kd5 31. fxg5 Bxg5+ 32. Kd3
1-0

[Event "14. Obert Int. Sant Marti 2012 - B"]
[Site "Barcelona ESP"]
[Date "2012.07.20"]
[Round "8.8"]
[White "Vidal Rius, Enric"]
[Black "Jover Font, Pau"]
[Result "0-1"]
[WhiteElo "1955"]
[BlackElo "1838"]
[PlyCount "50"]
[EventDate "2012.07.13"]
[EventType "swiss"]
[EventRounds "9"]
[EventCountry "ESP"]
[SourceTitle "Ajedrez en Madrid"]
[Source "lmi"]
[SourceDate "2012.07.13"]
[SourceVersion "1"]
[SourceVersionDate "2019.06.21"]
[SourceQuality "1"]

1. f4 d5 2. Nf3 Bg4 3. e3 Nd7 4. h3 Bxf3 5. Qxf3 Ngf6 6. Nc3 c6 7. g4 e5 8. g5
e4 9. Qe2 Ng8 10. h4 f5 11. b3 Ne7 12. Bh3 Qa5 13. Bb2 O-O-O 14. O-O-O b5 15.
Kb1 Nc5 16. d3 b4 17. Nxe4 dxe4 18. d4 Nb7 19. Qc4 Kb8 20. c3 bxc3 21. Bxc3 Qb5
22. Qf7 Nd6 23. Qh5 g6 24. Bf1 gxh5 25. Bxb5 Nxb5 0-1

[Event "14. Obert Int. Sant Marti 2012 - B"]
[Site "Barcelona ESP"]
[Date "2012.07.20"]
[Round "8.9"]
[White "Cervello I Tost, Roger"]
[Black "Aprea, Daniele"]
[Result "0-1"]
[WhiteElo "1842"]
[BlackElo "1942"]
[PlyCount "116"]
[EventDate "2012.07.13"]
[EventType "swiss"]
[EventRounds "9"]
[EventCountry "ESP"]
[SourceTitle "Ajedrez en Madrid"]
[Source "lmi"]
[SourceDate "2012.07.13"]
[SourceVersion "1"]
[SourceVersionDate "2019.06.21"]
[SourceQuality "1"]

1. e4 e6 2. d4 d5 3. Nc3 Nf6 4. e5 Ng8 5. f4 b6 6. Nf3 c5 7. Be3 Nh6 8. Ne2 Ba6
9. c3 Nf5 10. Bf2 h5 11. g3 Be7 12. Bh3 Bxe2 13. Qxe2 g6 14. a4 c4 15. Nd2 Qc7
16. b3 cxb3 17. Qb5+ Nc6 18. Qxb3 O-O 19. Bxf5 Na5 20. Qd1 exf5 21. Qf3 Rfd8
22. O-O Rac8 23. Rfc1 Nc4 24. Qe2 Qd7 25. Be1 Nxd2 26. Qxd2 Rc4 27. Qa2 Rdc8
28. Qb3 Qc6 29. Rcb1 Rb8 30. Qb5 Rd8 31. a5 bxa5 32. Qxc6 Rxc6 33. Rxa5 Rd7 34.
Rbb5 Bd8 35. Rxd5 Bxa5 36. Rxd7 Bxc3 37. Bxc3 Rxc3 38. Rxa7 Rd3 39. Ra8+ Kg7
40. Rd8 h4 41. Kg2 hxg3 42. hxg3 Kh6 43. Rd7 Kh5 44. Rxf7 Kg4 45. e6 Rd2+ 46.
Kf1 Kf3 47. Ke1 Re2+ 48. Kd1 Rxe6 49. Kd2 Rd6 50. Kd3 Kxg3 51. Kc4 Kxf4 52. d5
g5 53. Kc5 Rd8 54. d6 g4 55. Kc6 g3 56. Rg7 Kf3 57. Kd5 f4 58. d7 g2 0-1

[Event "14. Obert Int. Sant Marti 2012 - B"]
[Site "Barcelona ESP"]
[Date "2012.07.20"]
[Round "8.10"]
[White "Corrales Adamuz, Cristian"]
[Black "Gonzalez Martin, Fernando"]
[Result "0-1"]
[WhiteElo "1847"]
[BlackElo "1925"]
[PlyCount "90"]
[EventDate "2012.07.13"]
[EventType "swiss"]
[EventRounds "9"]
[EventCountry "ESP"]
[SourceTitle "Ajedrez en Madrid"]
[Source "lmi"]
[SourceDate "2012.07.13"]
[SourceVersion "1"]
[SourceVersionDate "2019.06.21"]
[SourceQuality "1"]

1. c4 Nf6 2. Nc3 c5 3. g3 Nc6 4. Bg2 b6 5. e4 e6 6. Nge2 Bb7 7. d3 a6 8. O-O
Be7 9. a3 O-O 10. f4 Qc7 11. Rb1 d6 12. b4 Rfd8 13. f5 cxb4 14. axb4 d5 15.
exd5 exd5 16. Bf4 Bd6 17. cxd5 Bxf4 18. Rxf4 Ne7 19. Rc1 Qe5 20. d4 Qe3+ 21.
Kf1 Bxd5 22. Nxd5 Nexd5 23. Rf3 Qe7 24. Rb3 Ra7 25. Qd2 Rad7 26. Rc6 Rd6 27.
Rxd6 Qxd6 28. Bf3 Re8 29. Kf2 Rc8 30. Qa2 Nxb4 31. Qa4 a5 32. Qb5 h6 33. Kg2
Rd8 34. Rc3 Nfd5 35. Rc1 Qd7 36. Qxd7 Rxd7 37. Rc8+ Kh7 38. Be4 Nf6 39. Bb1
Nbd5 40. Rb8 Ra7 41. Nc1 a4 42. Na2 Rc7 43. Ra8 Rc4 44. Rd8 Rxd4 45. Nc3 Ne3+
0-1

[Event "14. Obert Int. Sant Marti 2012 - B"]
[Site "Barcelona ESP"]
[Date "2012.07.21"]
[Round "9.1"]
[White "Pariente Lopez, Eduard"]
[Black "Dayan Sutton, Isaac"]
[Result "1/2-1/2"]
[WhiteElo "1979"]
[BlackElo "1891"]
[PlyCount "29"]
[EventDate "2012.07.13"]
[EventType "swiss"]
[EventRounds "9"]
[EventCountry "ESP"]
[SourceTitle "Ajedrez en Madrid"]
[Source "lmi"]
[SourceDate "2012.07.13"]
[SourceVersion "1"]
[SourceVersionDate "2019.06.21"]
[SourceQuality "1"]

1. e4 d6 2. d4 Nf6 3. Nc3 g6 4. Be2 Bg7 5. Be3 Nbd7 6. Qd2 c5 7. dxc5 Nxc5 8.
Bxc5 dxc5 9. Qxd8+ Kxd8 10. O-O-O+ Nd7 11. Nf3 Bxc3 12. bxc3 Kc7 13. Ng5 h6 14.
Nxf7 Rf8 15. Bc4 1/2-1/2

[Event "14. Obert Int. Sant Marti 2012 - B"]
[Site "Barcelona ESP"]
[Date "2012.07.21"]
[Round "9.2"]
[White "Perez Garcia, Jose Miguel"]
[Black "Garcia Lopez, Nicolas"]
[Result "0-1"]
[WhiteElo "1967"]
[BlackElo "1924"]
[PlyCount "86"]
[EventDate "2012.07.13"]
[EventType "swiss"]
[EventRounds "9"]
[EventCountry "ESP"]
[SourceTitle "Ajedrez en Madrid"]
[Source "lmi"]
[SourceDate "2012.07.13"]
[SourceVersion "1"]
[SourceVersionDate "2019.06.21"]
[SourceQuality "1"]

1. Nf3 Nf6 2. d4 c5 3. g3 cxd4 4. Nxd4 e5 5. Nb3 d5 6. Bg2 Nc6 7. O-O Be6 8.
Bg5 Be7 9. Nc3 d4 10. Bxf6 gxf6 11. Na4 Bd5 12. Qd3 Bxg2 13. Kxg2 Qd5+ 14. e4
Qd7 15. c3 Nb4 16. cxb4 Qxa4 17. a3 Rc8 18. Rac1 O-O 19. Qf3 Qd7 20. Nd2 Rxc1
21. Rxc1 Rc8 22. Qd1 f5 23. Rxc8+ Qxc8 24. exf5 Qxf5 25. Qf3 Qxf3+ 26. Nxf3 d3
27. Kf1 e4 28. Nd2 f5 29. b5 Kf7 30. Nc4 Ke6 31. Na5 b6 32. Nc6 Bf6 33. Nxa7
Bxb2 34. Nc8 Bd4 35. Ke1 Bc5 36. a4 Kd5 37. Na7 Kc4 38. Nc8 Kb4 39. Kd2 Kxa4
40. f3 Kxb5 41. fxe4 fxe4 42. g4 Kc4 43. Na7 e3+ 0-1